Countries with Embassies and Consulates in Porto - Statistics

General Stats
  • This quiz has been taken 44 times
  • The average score is 4 of 5
Answer Stats
Continent Country % Correct
South America Brazil
97%
Europe Spain
97%
Africa Angola
91%
Africa Mozambique
76%
Europe Ukraine
47%
No matching quizzes found
Score Distribution
Percent of People with Each Score
Percentile by Number Answered
Your Score History
You have not taken this quiz